000 nam a22 7a 4500
999 _c126471
_d126471
008 170519b xxu||||| |||| 00| 0 eng d
050 _aHG5993.T36 2002
100 _aTaydon, Yash
_930905
245 _aFallacies about the theory of FDIS:
_bits ideological and methodological pitafalls
_c/ by Yash Tandon
260 _aHarare
_bSeatini
_c2002
300 _a22p. ;
_c21cm.
440 _aSeatini working paper series
_nn.3
_930906
650 _aInvestments, Foreign
_xDeveloping countries
_930907
650 _aCapital movements
_xDeveloping countries
_930908
942 _2lcc
_cMONOGRAPH